=LDR 00000nam 2200000 4500 =001 INLIS000000000810389 =005 20251204095324 =035 ##$$a 0010-1225000027 =007 ta =008 251204###########################0#ara## =020 ##$$a 9786035092715 =082 ##$$a 297.12209 =084 ##$$a 297.12209 SAM a =245 ##$$a Athlas At Tarikh Li sirah Ar rasul /$c Samiy Abdullah =260 ##$$a Riyadh :$b Obeikan publishing,$c 2015 =300 ##$$a 240 hlm ; $c 27,5 cm x 20.5 cm =250 ##$$a Cet. 9